| 000 | 00430nam a2200181Ia 4500 | ||
|---|---|---|---|
| 005 | 20250603145055.0 | ||
| 008 | 250603s9999 xx 000 0 und d | ||
| 020 | _a9780367478223 | ||
| 050 | _aRA 644 .C67 .H43/ | ||
| 100 | _aEdited by Goodman S Michael | ||
| 245 | 0 | _aHealth Security Intelligence | |
| 260 | _aLondon | ||
| 260 | _bRoutledge | ||
| 260 | _c2023 | ||
| 300 | _a318p.: ill. | ||
| 650 | _aLondon | ||
| 942 | _cBK | ||
| 999 |
_c40793 _d40793 |
||